000 00345nam a22001217a 4500
082 _a537 SCO'P
100 _aSCOTT, WILLIAM TAUSSIG
_957403
245 _aTHE PHYSICS OF ELECTRICITY AND MAGNETISM
260 _aNEWYORK
_bTOPPAN COMPANY
_c1959
300 _a635P
650 _aELECTRICITY AND MAGNETISM MAGNETISM - ELECTRICITY
_957404
942 _cBK
999 _c567691
_d567691